|
|
|
|
| LEADER |
00000nam a22000007a 4500 |
| 005 |
20161024150036.0 |
| 007 |
cr|||| ||u| |
| 008 |
161024s2016 Bl |||||o|||| 001 0 Por d |
| 020 |
|
|
|a 978-85-7456-323-7
|
| 035 |
|
|
|a 14401
|
| 040 |
|
|
|a vLex
|
| 090 |
|
|
|c 6314
|d 6314
|
| 100 |
1 |
|
|a Godoy, Mayr
|
| 245 |
1 |
|
|a A criaȯ̂ da Lei
|h [Recurso electrn̤ico] :
|b Sistema Jurd̕ico, Competn̊cias, Processo, Tčnica, Controle Prv̌io /
|c Mayr Godoy.
|
| 256 |
|
|
|a Servicio en ln̕ea
|
| 260 |
|
|
|a Sô Paulo:
|b LEUD,
|c 2016.
|
| 300 |
|
|
|a 1 Recurso electrn̤ico
|
| 506 |
1 |
|
|a Disponible en los productos indicados
|d vLex Global
|d vLex Global (Academic Edition, excluding Law Schools)
|d vLex Global (U.S. Academic Edition, Law Schools)
|d vLex Global (U.S. Academic Edition, excluding Law Schools)
|d vLex Global (Academic Edition, Law Schools)
|
| 650 |
0 |
4 |
|a Derecho civil
|z Brasil
|
| 650 |
0 |
4 |
|a Derecho procesal
|z Brasil
|
| 650 |
0 |
4 |
|a Derecho constitucional
|z Brasil
|
| 740 |
0 |
|
|a vLex libros (servicio en ln̕ea)
|
| 856 |
4 |
0 |
|u http://vlex.com/source/cria-o-da-lei-sistema-juridico-compet-ncias-processo-tecnica-controle-previo-14401
|z Acceso restringido
|
| 942 |
|
|
|c EURO
|
| 999 |
0 |
|
|a Civil law
|
| 999 |
0 |
|
|a Procedure law
|